000 00616nam a2200181 i 4500
001 81230
003 ES-MaACL
005 20230906174408.0
007 t|
008 041103s1910 sp ||||1| spa d
100 1 _aHuchard, Henri.
_964511
245 1 0 _aClínica terapeútica del médico práctico
_b: (Medicina de urgencia) /
_cpor H. Huchard, Ch. Fiessinger ; traducida por Arturo Cubells Blasco.
260 _aValencia :
_bPubul y Morales,
_c1910 (
_fTip. Moderna)
300 _a2 v. ;
_c22 cm.
700 1 _aFiessinger, Ch.
_950726
700 1 _aCubells Blasco, Arturo.
_941926
852 _aES-MaACL
_jF-13330-31
999 _c81230
_d81230